000 00573nam a2200169 a 4500
001 000032292
005 20200930063607.0
008 110714s1946 dr 000 0 spa d
040 _aDO-SdBNP
_bspa
_cBNPHU
082 _axxx
_bM843
100 1 _aMoreno Jimenes, Domingo
_931950
245 1 0 _aFrancisco Domínguez Charro, o, La inestabilidad de la forma /
_cDomingo Moreno Jimenes.
246 1 3 _aLa inestabilidad de la forma
260 _aSan Pedro de Macorís, República Dominicana :
_bTipografía Corazón de Jesús,
_c1946.
300 _a7 p. ;
_c14 cm.
049 _aBNPD
999 _c31783
_d31783